00646 2200241 4500001002100000005001700021008004100038020001800079035002900097040001200126082001400138084001400152090000800166100001600174245002500190250003100215260004500246300003600291500002900327650001600356990001000372990002200382INLIS00000000000293320140217100443.0  a979-605-590-2 a##a0010-021400000000814 aJIPDBWI 2[21]a813 a813 ENI l a813 aEnid Blyton aLima Sekawan Minggat aCet. 12 / Edisi Terjemahan aJakartabPT Gramedia Pustaka Utamac2005 a272 hlm.;bIlus .;c11 x 18 cm. aPetualangan Lima Sekawan aKarya Fiksi a19515 a0044/kpadbwi/2016